Gewalt im Fernsehen: Gewalt des Fernsehens? ; über die Wirkung und den Umgang mit Gewalt in den alten und neuen Medien
| Otros Autores: | |
|---|---|
| Tipo de documento: | Print Libro |
| Lenguaje: | Alemán |
| Publicado: |
Sindelfingen
expert-Verlag
1984
|
| En: |
Medien + Bildung (7)
Año: 1984 |
| Disponibilidad en Tübingen: | Disponible en Tübingen. IFK: B XI 95 |
| Verificar disponibilidad: | HBZ Gateway |
| Servicio de pedido Subito: | Pedir ahora. |
| Palabras clave: |
MARC
| LEADER | 00000cam a2200000 c 4500 | ||
|---|---|---|---|
| 001 | 023086564 | ||
| 003 | DE-627 | ||
| 005 | 20251219205958.0 | ||
| 007 | tu | ||
| 008 | 850725s1984 gw ||||| 00| ||ger c | ||
| 015 | |a 84,N47,0006 |2 dnb | ||
| 015 | |a 85,A13,0113 |2 dnb | ||
| 016 | 7 | |a 841065136 |2 DE-101 | |
| 020 | |a 3885089947 |9 3-88508-994-7 | ||
| 035 | |a (DE-627)023086564 | ||
| 035 | |a (DE-576)009571159 | ||
| 035 | |a (DE-599)GBV023086564 | ||
| 035 | |a (OCoLC)14355310 | ||
| 035 | |a (OCoLC)14355310 | ||
| 035 | |a (DE-604)8055451144 | ||
| 035 | |a (AT-OBV)AC01725685 | ||
| 040 | |a DE-627 |b ger |c DE-627 |e rakwb | ||
| 041 | |a ger | ||
| 044 | |c XA-DE |c XA-DE-BW | ||
| 082 | 0 | |a 302.2/345 |q OCLC | |
| 084 | |a ALLG 1410 |2 sfb | ||
| 084 | |a 11 |a 06 |a 22 |a 14 |2 sdnb | ||
| 084 | |a 11 |2 sdnb | ||
| 084 | |a MS 7960 |2 rvk |0 (DE-625)rvk/123800: | ||
| 084 | |a PH 8560 |2 rvk |0 (DE-625)rvk/136510: | ||
| 084 | |a DW 4200 |2 rvk |0 (DE-625)rvk/20289:761 | ||
| 084 | |a 05.36 |2 bkl | ||
| 084 | |a 05.20 |2 bkl | ||
| 245 | 0 | 0 | |a Gewalt im Fernsehen |b Gewalt des Fernsehens? ; über die Wirkung und den Umgang mit Gewalt in den alten und neuen Medien |c Schorb, Bernd u.a. [Hrsg.] |
| 264 | 1 | |a Sindelfingen |b expert-Verlag |c 1984 | |
| 300 | |a 163 S |b graph. Darst. | ||
| 336 | |a Text |b txt |2 rdacontent | ||
| 337 | |a ohne Hilfsmittel zu benutzen |b n |2 rdamedia | ||
| 338 | |a Band |b nc |2 rdacarrier | ||
| 490 | 1 | |a Medien und Bildung |v [7] | |
| 500 | |a Literaturangaben | ||
| 583 | 1 | |a Archivierung/Langzeitarchivierung gewährleistet |f PEBW |x XA-DE-BW |2 pdager |5 DE-24 | |
| 650 | 4 | |a Alltag | |
| 650 | 4 | |a Fernsehen im Bildungswesen | |
| 650 | 4 | |a Gewalt | |
| 650 | 4 | |a Fernsehwirkung | |
| 650 | 4 | |a Aggression | |
| 650 | 4 | |a Fernsehen | |
| 650 | 4 | |a Kind | |
| 650 | 4 | |a Gewalt | |
| 650 | 4 | |a Fernsehen | |
| 650 | 4 | |a Fernsehwirkung | |
| 655 | 7 | |a Konferenzschrift |y 1983 |z Tutzing |0 (DE-588)1071861417 |0 (DE-627)826484824 |0 (DE-576)433375485 |2 gnd-content | |
| 689 | 0 | 0 | |d s |0 (DE-588)4016825-6 |0 (DE-627)106331833 |0 (DE-576)208917446 |a Fernsehen |2 gnd |
| 689 | 0 | 1 | |d s |0 (DE-588)4113749-8 |0 (DE-627)105827126 |0 (DE-576)209479027 |a Gewaltdarstellung |2 gnd |
| 689 | 0 | |5 (DE-627) | |
| 689 | 1 | 0 | |d s |0 (DE-588)4113749-8 |0 (DE-627)105827126 |0 (DE-576)209479027 |a Gewaltdarstellung |2 gnd |
| 689 | 1 | 1 | |d s |0 (DE-588)4016842-6 |0 (DE-627)106331817 |0 (DE-576)208917470 |a Fernsehsendung |2 gnd |
| 689 | 1 | 2 | |d s |0 (DE-588)4033186-6 |0 (DE-627)106258567 |0 (DE-576)209000538 |a Kriminalpsychologie |2 gnd |
| 689 | 1 | |5 (DE-627) | |
| 700 | 1 | |a Schorb, Bernd |d 1947- |e Mitarb. |0 (DE-588)121267792 |0 (DE-627)081193734 |0 (DE-576)162966660 |4 oth | |
| 830 | 0 | |a Medien + Bildung |v 7 |9 7 |w (DE-627)129137901 |w (DE-576)007917244 |w (DE-600)47158-6 |x 0178-6784 |7 am | |
| 889 | |w (DE-576)9016527850 | ||
| 889 | |w (DE-627)02478446X | ||
| 889 | |w (DE-627)026420481 | ||
| 889 | |w (DE-627)016527852 | ||
| 935 | |i Blocktest | ||
| 935 | |i mdedup | ||
| 936 | r | v | |a MS 7960 |b Hörfunk, Fernsehen und Film |k Soziologie |k Spezielle Soziologien |k Soziologie der Massenkommunikation und öffentlichen Meinung, Mediensoziologie |k Hörfunk, Fernsehen und Film |0 (DE-627)1271441764 |0 (DE-625)rvk/123800: |0 (DE-576)201441764 |
| 936 | r | v | |a PH 8560 |b Kriminalität und Massenmedien |k Rechtswissenschaft |k Strafrecht, Strafverfahrensrecht, Kriminologie |k Kriminologie |k Weitere Problemfelder |k Kriminalität und Massenmedien |0 (DE-627)1272237923 |0 (DE-625)rvk/136510: |0 (DE-576)202237923 |
| 936 | r | v | |a DW 4200 |b Allgemeines und Deutschland |k Pädagogik |k Erwachsenenbildung und Jugendbildung |k Medienpädagogik |k Rundfunk, Fernsehen |k Allgemeines und Deutschland |0 (DE-627)1270813331 |0 (DE-625)rvk/20289:761 |0 (DE-576)200813331 |
| 936 | b | k | |a 05.36 |j Fernsehen |x Kommunikationswissenschaft |0 (DE-627)106403761 |
| 936 | b | k | |a 05.20 |j Kommunikation und Gesellschaft |0 (DE-627)106415123 |
| 938 | 1 | 0 | |0 (DE-627)1756170444 |0 (DE-615)6606730 |a Fernsehen |2 fivt |
| 951 | |a BO | ||
| ELC | |b 1 | ||
| LOK | |0 000 xxxxxcx a22 zn 4500 | ||
| LOK | |0 001 3200662670 | ||
| LOK | |0 003 DE-627 | ||
| LOK | |0 004 023086564 | ||
| LOK | |0 005 20140603111347 | ||
| LOK | |0 008 930329||||||||||||||||ger||||||| | ||
| LOK | |0 040 |a DE-21-110 |c DE-627 |d DE-21-110 | ||
| LOK | |0 689 |a s |a Mediengewalt | ||
| LOK | |0 852 |a DE-21-110 | ||
| LOK | |0 852 1 |c B XI 95 |m p |9 00 | ||
| LOK | |0 935 |a k110 | ||
| LOK | |0 936ln |a 7.3.3.5 | ||
| LOK | |0 938 |k p | ||
| LOK | |0 939 |a 29-03-93 |b l01 | ||
| ORI | |a SA-MARC-krimdoka001.raw | ||
| SIG | |a IFK: B XI 95 | ||
| TIM | |a 100019830101_100019831231 |b 1983 - 1983 | ||
